000 01272cam a2200361 i 4500
001 68869
003 Mx-PuUPA
005 20260428105137.0
008 200317s2007 mx a cr 00| 1 spa d
020 _a9789706888976
020 _a9789687791760
_qde la colección El Barco de Vapor
040 _aMx-PuUPA
_bspa
_cMx-PuUPA
_dMx-PuUPA
_erda
041 0 _aspa
100 1 _aZepeda, Monique,
_eautor
_913422
245 1 0 _aSentido contrario en la selva /
_cMonique Zepeda.
250 _aSegunda edición
264 1 _aCiudad de México :
_bSM de Ediciones,
_c2007
300 _a151 páginas :
_bilustraciones,
_c19 cm.
336 _2rdacontent
_atexto
_btxt
337 _2rdamedia
_asin medio
_bn
338 _2rdacarrier
_avolumen
_bnc
490 1 _aEl barco de vapor. Roja ;
_v9 M
500 _a"Premio El Barco de Vapor 2005". -- Portada.
521 1 _aA partir de 12 años.
650 7 _aMuchachos adolescentes, novelas, cuentos, etc.
_2armarc
650 7 _aLiteratura mexicana
_vFicción juvenil
_2armarc
650 7 _aAdolescencia
_vFiccción infantil
_2armarc
830 3 _aEl barco de vapor
_pRoja
_v9 M
942 _2ddc
_cLI
_h863
_iB269
999 _c68869
_d68869